[Event "POL-chT 2nd League"]
[Site "Szklarska Poreba"]
[Date "2017.09.05"]
[Round "4.17"]
[White "Wozniak, Grzegorz"]
[Black "Rak, Tomasz"]
[Result "0-1"]
[WhiteElo "1694"]
[BlackElo "2051"]
[PlyCount "90"]
[EventDate "2017.09.02"]
[EventType "team-swiss"]
[EventRounds "9"]
[EventCountry "POL"]
[SourceTitle "CBM 180 Extra"]
[Source "ChessBase"]
[SourceDate "2017.10.06"]
[SourceVersion "1"]
[SourceVersionDate "2017.10.06"]
[SourceQuality "1"]
[WhiteTeam "Rzeszow"]
[BlackTeam "Bydgoszcz Wiartrak"]
[WhiteTeamCountry "POL"]
[BlackTeamCountry "POL"]

1. d4 Nf6 2. Nf3 d5 3. e3 Bf5 4. Bd3 Bg6 5. Ne5 Nbd7 6. Nd2 e6 7. Nxg6 hxg6 8. e4 c5 9. exd5 exd5 10. Qe2+ Be7 11. dxc5 Nxc5 12. Bb5+ Kf8 13. 0-0 Bd6 14. g3 Qc8 15. f3 a6 16. Bd3 Nxd3 17. cxd3 Qc2 18. d4 Re8 19. Qd1 Qf5 20. Re1 Rxe1+ 21. Qxe1 Qd3 22. Qf2 g5 23. Nf1 g4 24. Be3 Rh5 25. Rc1 Kg8 26. Qc2 Qxc2 27. Rxc2 gxf3 28. Kf2 Rf5 29. h3 Ne4+ 30. Kg1 Bxg3 31. Nxg3 Nxg3 32. Bf2 Ne4 33. h4 Rf6 34. Rc8+ Kh7 35. Rd8 Rc6 36. Be3 Rg6+ 37. Kf1 f2 38. Ke2 Rf6 39. Bxf2 Rxf2+ 40. Ke3 Rxb2 41. Rxd5 Nf6 42. Ra5 Kh6 43. d5 Rb5 44. Rxb5 axb5 45. Kd4 Nd7 0-1

[Event "POL-chT 2nd League"]
[Site "Szklarska Poreba"]
[Date "2017.09.03"]
[Round "2.17"]
[White "Wozniak, Grzegorz"]
[Black "Kwiatkowski, Wiktor"]
[Result "0-1"]
[WhiteElo "1694"]
[BlackElo "1933"]
[PlyCount "65"]
[EventDate "2017.09.02"]
[EventType "team-swiss"]
[EventRounds "9"]
[EventCountry "POL"]
[SourceTitle "CBM 180 Extra"]
[Source "ChessBase"]
[SourceDate "2017.10.06"]
[SourceVersion "1"]
[SourceVersionDate "2017.10.06"]
[SourceQuality "1"]
[WhiteTeam "Rzeszow"]
[BlackTeam "Konin UKS Smecz"]
[WhiteTeamCountry "POL"]
[BlackTeamCountry "POL"]

1. d4 Nf6 2. Nf3 e6 3. e3 b6 4. Nbd2 Bb7 5. Bd3 d5 6. 0-0 Nbd7 7. Qe2 c5 8. c3 Ne4 9. Ba6 Bxa6 10. Qxa6 Bd6 11. Nxe4 dxe4 12. Ne5 Bxe5 13. dxe5 Qc7 14. Qa4 Qb7 15. f4 exf3 16. gxf3 0-0 17. f4 f6 18. Rd1 b5 19. Qb3 c4 20. Qb4 fxe5 21. Qe7 Rf6 22. Kf2 exf4 23. exf4 Qb6+ 24. Be3 Rxf4+ 25. Ke2 Re4 26. Rd4 Rxe3+ 27. Kxe3 e5 28. Qxd7 exd4+ 29. Qxd4 Qh6+ 30. Kf3 Qh3+ 31. Ke4 Re8+ 32. Kf4 Rf8+ 33. Kg5 0-1

[Event "POL-chT 2nd League"]
[Site "Jastrzebia Gora"]
[Date "2016.09.06"]
[Round "4.94"]
[White "Wozniak, Grzegorz"]
[Black "Aleksandrowicz, Marek"]
[Result "1/2-1/2"]
[WhiteElo "1695"]
[BlackElo "1947"]
[PlyCount "106"]
[EventDate "2016.09.03"]
[EventType "team-swiss"]
[EventRounds "9"]
[EventCountry "POL"]
[SourceTitle "EXT 2017"]
[Source "ChessBase"]
[SourceDate "2016.10.25"]
[SourceVersion "1"]
[SourceVersionDate "2016.10.25"]
[SourceQuality "1"]
[WhiteTeam "Rzeszow"]
[BlackTeam "Lipusz WDA"]
[WhiteTeamCountry "POL"]
[BlackTeamCountry "POL"]

1. d4 d5 2. Nf3 Nf6 3. e3 c6 4. Bd3 Bg4 5. Nbd2 Nbd7 6. 0-0 e5 7. dxe5 Nxe5 8. Be2 Nxf3+ 9. Bxf3 Bf5 10. c4 Bd3 11. Be2 Bxe2 12. Qxe2 Be7 13. b3 0-0 14. Bb2 Re8 15. Rad1 Qa5 16. a3 Rad8 17. cxd5 Rxd5 18. Nc4 Qb5 19. Qc2 Rxd1 20. Rxd1 Qh5 21. Bxf6 Bxf6 22. Rd7 b5 23. Na5 c5 24. Nc6 a6 25. Qd3 c4 26. bxc4 Qc5 27. Qd5 Qxc4 28. f3 Qxd5 29. Rxd5 Kf8 30. Rd7 Rc8 31. Nb4 a5 32. Nd5 Bb2 33. Rb7 Bxa3 34. Rxb5 Ra8 35. Nb6 Ra7 36. Na4 Ke7 37. f4 Bb4 38. Kf2 g6 39. Kf3 h5 40. h3 Rc7 41. g4 hxg4+ 42. hxg4 Rd7 43. Nb6 Rd1 44. Nd5+ Ke6 45. f5+ gxf5 46. gxf5+ Kd6 47. Nxb4 axb4 48. Rxb4 Ke5 49. Rb5+ Kf6 50. Ke4 Ra1 51. Rb6+ Kg5 52. Rd6 Ra4+ 53. Rd4 Ra5 1/2-1/2

[Event "POL-chT3 Podkarpackie"]
[Site "Pstragowa"]
[Date "2014.05.03"]
[Round "7.17"]
[White "Wozniak, Grzegorz"]
[Black "Baniak, Lukasz"]
[Result "0-1"]
[WhiteElo "1763"]
[BlackElo "1711"]
[PlyCount "148"]
[EventDate "2014.04.30"]
[EventType "team-tourn"]
[EventRounds "9"]
[EventCountry "POL"]
[SourceTitle "EXT 2015"]
[Source "ChessBase"]
[SourceDate "2014.11.20"]
[SourceVersion "1"]
[SourceVersionDate "2014.11.20"]
[SourceQuality "1"]
[WhiteTeam "Rzeszow"]
[BlackTeam "Tarnobrzeg"]
[WhiteTeamCountry "POL"]
[BlackTeamCountry "POL"]

1. Nf3 d5 2. d4 c5 3. e3 Bg4 4. c3 Nc6 5. Nbd2 c4 6. Be2 e6 7. 0-0 f5 8. Ne1 Bxe2 9. Qxe2 Nf6 10. f3 Be7 11. e4 h6 12. e5 Nh7 13. f4 g6 14. Ndf3 g5 15. fxg5 hxg5 16. g3 g4 17. Nd2 Ng5 18. Ng2 Kd7 19. Nf4 Nh3+ 20. Nxh3 Rxh3 21. Rf2 Qg8 22. Nf1 Rb8 23. Qc2 b5 24. a3 a5 25. Be3 Rh8 26. b4 Ra8 27. Qc1 Ra6 28. a4 Qb8 29. axb5 Qxb5 30. Rfa2 Rha8 31. bxa5 Rxa5 32. Rxa5 Rxa5 33. Nd2 Rxa1 34. Qxa1 Qa5 35. Qxa5 Nxa5 36. Kf2 Kc6 37. Ke2 Kb5 38. Kd1 Ka4 39. Kc2 Ka3 40. Nf1 Nc6 41. Bc1+ Ka2 42. Ne3 Na7 43. Ng2 Nb5 44. Nf4 Nc7 45. Ne2 Nb5 46. Bb2 Bg5 47. Bc1 Na3+ 48. Kd1 Bxc1 49. Kxc1 Kb3 50. Nf4 Kxc3 51. Nxe6 Nb5 52. Ng7 Nxd4 53. e6 Kd3 54. e7 Ne2+ 55. Kb1 c3 56. e8Q c2+ 57. Ka2 c1Q 58. Qb5+ Qc4+ 59. Qb3+ Qxb3+ 60. Kxb3 Ke4 61. Nh5 Nd4+ 62. Kc3 Ke5 63. Nf4 Nf3 64. h3 gxh3 65. Nxh3 Ke4 66. Nf4 d4+ 67. Kc2 Ne5 68. Ne6 Nc6 69. Ng7 d3+ 70. Kd2 Ne5 71. Kd1 Nc4 72. Ne6 Ke3 73. Ng7 d2 74. Nxf5+ Kd3 0-1

[Event "POL-chT3 Podkarpackie"]
[Site "Pstragowa"]
[Date "2014.05.01"]
[Round "3.29"]
[White "Wozniak, Grzegorz"]
[Black "Babiarz, Arkadiusz"]
[Result "1-0"]
[WhiteElo "1763"]
[BlackElo "1407"]
[PlyCount "59"]
[EventDate "2014.04.30"]
[EventType "team-tourn"]
[EventRounds "9"]
[EventCountry "POL"]
[SourceTitle "EXT 2015"]
[Source "ChessBase"]
[SourceDate "2014.11.20"]
[SourceVersion "1"]
[SourceVersionDate "2014.11.20"]
[SourceQuality "1"]
[WhiteTeam "Rzeszow"]
[BlackTeam "Rzeszow II"]
[WhiteTeamCountry "POL"]
[BlackTeamCountry "POL"]

1. Nf3 c5 2. e3 e6 3. d4 d5 4. c3 Nf6 5. Bd3 Nc6 6. Nbd2 Bd6 7. 0-0 0-0 8. dxc5 Bxc5 9. e4 Qc7 10. exd5 Nxd5 11. Ne4 Be7 12. Nfg5 h6 13. Nh3 e5 14. Qh5 f5 15. Qg6 fxe4 16. Bxe4 Nf6 17. Bxh6 Bc5 18. Ng5 Kh8 19. Bd5 Nd8 20. Rad1 Bf5 21. Qxf5 gxh6 22. Qh3 Kg7 23. Ne4 Nxe4 24. Bxe4 Rf7 25. Qg4+ Kh8 26. Qg6 Bf8 27. Rd3 Rd7 28. Qf6+ Bg7 29. Qf5 Rxd3 30. Qh7# 1-0

[Event "POL-chT3 Podkarpackie"]
[Site "Pstragowa"]
[Date "2014.05.01"]
[Round "2.5"]
[White "Zaskalski, Dawid"]
[Black "Wozniak, Grzegorz"]
[Result "1-0"]
[WhiteElo "1898"]
[BlackElo "1763"]
[PlyCount "113"]
[EventDate "2014.04.30"]
[EventType "team-tourn"]
[EventRounds "9"]
[EventCountry "POL"]
[SourceTitle "EXT 2015"]
[Source "ChessBase"]
[SourceDate "2014.11.20"]
[SourceVersion "1"]
[SourceVersionDate "2014.11.20"]
[SourceQuality "1"]
[WhiteTeam "Mielec"]
[BlackTeam "Rzeszow"]
[WhiteTeamCountry "POL"]
[BlackTeamCountry "POL"]

1. e4 c5 2. c3 e6 3. d4 d5 4. e5 Qb6 5. Nf3 Nc6 6. Be2 cxd4 7. cxd4 Bb4+ 8. Nc3 Nge7 9. a3 Bxc3+ 10. bxc3 0-0 11. 0-0 Bd7 12. Bd3 Ng6 13. h4 Qd8 14. h5 Nh4 15. h6 Nxf3+ 16. Qxf3 f5 17. hxg7 Kxg7 18. Qg3+ Kh8 19. Bg5 Qe8 20. Bf6+ Rxf6 21. exf6 Qf7 22. Rab1 b6 23. Bb5 Rc8 24. Bxc6 Bxc6 25. Qe5 Rg8 26. Rfe1 Bd7 27. a4 Rg6 28. a5 b5 29. Re3 a6 30. f4 Qxf6 31. Qxf6+ Rxf6 32. Rg3 Be8 33. Kf2 Bh5 34. Ke3 Rf7 35. Kd2 Rc7 36. Rh1 Bf7 37. Rg5 Rc4 38. Rh6 b4 39. Rf6 bxc3+ 40. Kc2 Rc7 41. Rg3 Rb7 42. Kxc3 Rc7+ 43. Kd2 Rb7 44. Kc1 Rc7+ 45. Kb1 Rb7+ 46. Ka2 Rc7 47. Ka3 Rb7 48. Rh6 Rb5 49. Ka4 Be8 50. Rxe6 Rb8+ 51. Ka3 Bb5 52. Rb6 Rc8 53. Rxb5 axb5 54. Kb4 Rc4+ 55. Kxb5 Rxd4 56. a6 Rd2 57. Ra3 1-0

[Event "POL-ch Amateur"]
[Site "Wroclaw"]
[Date "2012.06.23"]
[Round "3"]
[White "Wozniak, Grzegorz"]
[Black "Sienkiewicz, Wojciech"]
[Result "1/2-1/2"]
[WhiteElo "1569"]
[BlackElo "1220"]
[PlyCount "76"]
[EventDate "2012.06.22"]
[EventType "swiss"]
[EventRounds "7"]
[EventCountry "POL"]
[SourceTitle "EXT 2013"]
[Source "ChessBase"]
[SourceDate "2012.11.22"]
[SourceVersion "1"]
[SourceVersionDate "2012.11.22"]
[SourceQuality "1"]

1. e4 c6 2. d4 d5 3. exd5 cxd5 4. c4 e6 5. c5 Nf6 6. Nf3 Nc6 7. Nc3 a6 8. Na4 Nd7 9. Be2 e5 10. dxe5 Nxc5 11. Nxc5 Bxc5 12. 0-0 0-0 13. Bf4 Be6 14. Rc1 Qb6 15. Qc2 Nd4 16. Nxd4 Bxd4 17. Bd3 h6 18. Qe2 Rac8 19. Rxc8 Rxc8 20. Rc1 Rxc1+ 21. Bxc1 Qc7 22. Bf4 b5 23. h4 g5 24. hxg5 hxg5 25. Bxg5 Qxe5 26. Qxe5 Bxe5 27. b3 f6 28. Bd2 Kf7 29. a4 d4 30. axb5 axb5 31. Bxb5 Bxb3 32. Bd3 Ke6 33. Kf1 Kd5 34. Ke2 Bc4 35. f4 Bd6 36. g4 Bf8 37. g5 fxg5 38. fxg5 Bg7 1/2-1/2

[Event "Wroclaw op"]
[Site "Wroclaw"]
[Date "2010.09.03"]
[Round "?"]
[White "Wozniak, Grzegorz"]
[Black "Wrobel, Maciej"]
[Result "0-1"]
[WhiteElo "1592"]
[BlackElo "1898"]
[PlyCount "66"]
[EventDate "2010.09.03"]
[EventType "swiss"]
[EventRounds "5"]
[EventCountry "POL"]
[SourceTitle "EXT 2023"]
[Source "ChessBase"]
[SourceDate "2022.10.05"]
[SourceVersion "1"]
[SourceVersionDate "2022.10.05"]
[SourceQuality "1"]

1. e4 e5 2. Nf3 Nc6 3. d4 exd4 4. Nxd4 Nf6 5. Nxc6 bxc6 6. e5 Qe7 7. Qe2 Nd5 8. c4 Qb4+ 9. Qd2 Qxd2+ 10. Bxd2 Nb4 11. Na3 Bc5 12. Be2 0-0 13. 0-0 Re8 14. Bc3 f6 15. Bf3 fxe5 16. Be4 Rb8 17. Rfd1 Bd4 18. Bxd4 exd4 19. Re1 Ba6 20. b3 d5 21. cxd5 cxd5 22. Bf3 c6 23. h3 Rxe1+ 24. Rxe1 Nxa2 25. Nc2 d3 26. Nd4 Nc3 27. Ra1 Ne2+ 28. Kf1 Nxd4 29. Rxa6 Rxb3 30. Ke1 Nxf3+ 31. gxf3 c5 32. Rxa7 c4 33. Rc7 c3 0-1

[Event "Polanica Zdroj op-B 45th"]
[Site "Polanica Zdroj"]
[Date "2009.08.24"]
[Round "7"]
[White "Wozniak, Grzegorz"]
[Black "Labuda, Michal"]
[Result "0-1"]
[WhiteElo "1570"]
[BlackElo "1816"]
[PlyCount "119"]
[EventDate "2009.08.18"]
[EventType "swiss"]
[EventRounds "10"]
[EventCountry "POL"]
[SourceTitle "CBM 131 Extra"]
[Source "ChessBase"]
[SourceDate "2009.09.03"]
[SourceVersion "2"]
[SourceVersionDate "2009.09.16"]
[SourceQuality "1"]

1. e4 g6 2. d4 Bg7 3. Nc3 d6 4. f4 Nf6 5. Nf3 0-0 6. e5 Nfd7 7. Be2 c5 8. dxc5 dxe5 9. fxe5 Nxe5 10. Qxd8 Rxd8 11. 0-0 Nxf3+ 12. Bxf3 Bd4+ 13. Kh1 Bxc5 14. Nd5 Bd6 15. Bg5 Nc6 16. Rad1 Bf5 17. c3 Kg7 18. Rfe1 f6 19. Bh4 Ne5 20. Be2 Rac8 21. h3 g5 22. Bf2 b6 23. Ba6 Rb8 24. Be2 Bg6 25. a3 Bc2 26. Rd2 Bb3 27. Ne3 e6 28. Bd1 Bc4 29. Be2 Bxe2 30. Rexe2 Bc5 31. Nc2 Bxf2 32. Rxf2 Nd3 33. Rfe2 e5 34. Nb4 Nxb4 35. axb4 Kf7 36. Kg1 Ke6 37. Kf2 f5 38. g3 e4 39. g4 fxg4 40. hxg4 Ke5 41. Kg3 b5 42. b3 a6 43. c4 bxc4 44. bxc4 Rxd2 45. Rxd2 Rxb4 46. Rd5+ Kf6 47. Rf5+ Kg6 48. Rc5 Rb3+ 49. Kf2 Rf3+ 50. Kg2 Kf6 51. Rc6+ Ke5 52. Rxa6 Kf4 53. c5 Kxg4 54. Ra4 Rc3 55. Rxe4+ Kf5 56. Re7 h5 57. Rf7+ Kg4 58. Rd7 Rxc5 59. Rd4+ Kf5 60. Rd2 0-1

[Event "Polanica Zdroj op-B 45th"]
[Site "Polanica Zdroj"]
[Date "2009.08.20"]
[Round "3"]
[White "Wozniak, Grzegorz"]
[Black "Gorecki, Janusz"]
[Result "0-1"]
[WhiteElo "1570"]
[BlackElo "1928"]
[PlyCount "78"]
[EventDate "2009.08.18"]
[EventType "swiss"]
[EventRounds "10"]
[EventCountry "POL"]
[SourceTitle "CBM 131 Extra"]
[Source "ChessBase"]
[SourceDate "2009.09.03"]
[SourceVersion "2"]
[SourceVersionDate "2009.09.16"]
[SourceQuality "1"]

1. e4 e5 2. Nf3 Nc6 3. d4 exd4 4. Nxd4 Bc5 5. Be3 Qf6 6. c3 a6 7. Be2 Nge7 8. Nc2 Bxe3 9. Nxe3 Ng6 10. 0-0 d6 11. Nd5 Qd8 12. f4 f6 13. Bh5 0-0 14. Bxg6 hxg6 15. Qf3 Be6 16. Nd2 Bf7 17. g4 Rc8 18. Rae1 Nb8 19. b3 Nc6 20. Kg2 g5 21. f5 Ne5 22. Qg3 c6 23. Nb4 d5 24. h3 Re8 25. Kh2 a5 26. Nc2 c5 27. Rd1 Qb6 28. exd5 Bxd5 29. Ne3 Bc6 30. Ndc4 Nxc4 31. Nxc4 Re2+ 32. Rf2 Rxf2+ 33. Qxf2 Qc7+ 34. Qg3 Qe7 35. Re1 Qf8 36. a4 Rd8 37. Qe3 Kh7 38. Re2 Qf7 39. Nxa5 Qc7+ 0-1

[Event "Polanica Zdroj op-B 45th"]
[Site "Polanica Zdroj"]
[Date "2009.08.19"]
[Round "2"]
[White "Reichert, Jakub"]
[Black "Wozniak, Grzegorz"]
[Result "0-1"]
[WhiteElo "1760"]
[BlackElo "1570"]
[PlyCount "72"]
[EventDate "2009.08.18"]
[EventType "swiss"]
[EventRounds "10"]
[EventCountry "POL"]
[SourceTitle "CBM 131 Extra"]
[Source "ChessBase"]
[SourceDate "2009.09.03"]
[SourceVersion "2"]
[SourceVersionDate "2009.09.16"]
[SourceQuality "1"]

1. d4 Nf6 2. c4 c5 3. d5 b5 4. cxb5 a6 5. bxa6 Bxa6 6. Nc3 g6 7. e4 Bxf1 8. Kxf1 d6 9. Nge2 Bg7 10. g3 0-0 11. Kg2 Nbd7 12. Bf4 Qa5 13. Rb1 Rfb8 14. a4 Ne8 15. Qc2 Nc7 16. b3 Rb7 17. h4 h5 18. f3 Rab8 19. Bd2 Qa6 20. Rb2 Ne5 21. Nc1 Nc4 22. Ra2 Nxd2 23. Qxd2 Qa5 24. Nb1 Qa6 25. Na3 Rb4 26. Nc4 Kh7 27. g4 Bh6 28. g5 Bg7 29. f4 Rxb3 30. Nxb3 Qxc4 31. Nc1 Qxe4+ 32. Kh2 Nxd5 33. Rf1 Bd4 34. Qg2 Qf5 35. Ne2 Ne3 36. Nxd4 cxd4 0-1